Which AFL Team? - Statistics

General Stats
  • This quiz has been taken 212 times
    205 since last reset
  • The average score is 9 of 15
Answer Stats
Hint Answer % Correct
Formerly known as 'the Bears' Brisbane Lions
82%
Uses the colours yellow and black Richmond Tigers
82%
Does not exist at all Darwin Dingoes
77%
Newest team to join GWS Giants
75%
First team from WA West Coast Eagles
75%
Has had 27 runner-ups Collingwood Magpies
73%
No longer exists in its current form Footscray Bulldogs
64%
Most premiership wins in the AFLW Adelaide Crows
57%
Has scored the highest in a match Geelong Cats
57%
Oldest team to never win a premiership Fremantle Dockers
56%
Has the most bottom finishes (wooden spoons) St Kilda
54%
Oldest continuous team Melbourne Demons
43%
Highest score in a first quarter Essendon Bombers
40%
Only team to have a premiership win in each decade from the 60s to 2010s Hawthorn Hawks
35%
Has the most Brownlow medalists (including VFL iteration) Sydney Swans
18%
No matching quizzes found
Score Distribution
Percent of People with Each Score
Percentile by Number Answered
Your Score History
You have not taken this quiz since the last reset